000 00214nam a22000977a 4500
082 _a894.812.3
_bMUT/M
100 _aMUTTINAKAM, GEORGE
245 _aMUTHUM PAVIZHAVUM
650 _aMALAYALAM SHORT STORIES
942 _cBK
999 _c7651
_d7651